000
00509nam a2200133Ia 4500
008
100328s9999 xx 000 0 und d
082
_b
60277
100
_a
डोळे ना.य.
245
_a
परराष्ट्र ाोरण- आपले शेजारी.
260
_b
गं्रथाली.
630
_a
परराष्ट्र ाोरण- आपले शेजारी.
730
_a
परराष्ट्र ाोरण- आपले शेजारी.
942
_c
BOOK
999
_c
546439
_d
546436